У истоков судьбы: роман

Dades bibliogràfiques
Autor principal: Крюков В. И. Виктор Иванович
Sumari:Исключено из фонда НТБ ТПУ
Idioma:rus
Publicat: Москва, Советский писатель, 1990
Format: MixedMaterials Llibre
KOHA link:https://koha.lib.tpu.ru/cgi-bin/koha/opac-detail.pl?biblionumber=142580

MARC

LEADER 00000nam0a2200000 4500
001 142580
005 20231031142803.0
010 |a 5265011382 
020 |a RU  |b 91-6635 
035 |a (RuTPU)RU\TPU\book\154510 
090 |a 142580 
100 |a 20080909d1990 m y0rusy5003 ca 
101 0 |a rus 
102 |a RU 
105 |a c z 000ay 
200 1 |a У истоков судьбы  |e роман  |f В. И. Крюков 
210 |a Москва  |c Советский писатель  |d 1990 
215 |a 352 с.  |c портр. 
333 |a Исключено из фонда НТБ ТПУ 
700 1 |a Крюков  |b В. И.  |g Виктор Иванович 
801 0 |a RU  |b RuMRKP  |c 19950417  |g psbo 
801 1 |a RU  |b 63413507  |c 20080909  |g PSBO 
801 2 |a RU  |b 63413507  |c 20220516  |g PSBO 
942 |c BK